| 000 | 00692nam a2200193Ia 4500 | ||
|---|---|---|---|
| 003 | IN-BaIIA | ||
| 008 | 211028s9999 xx 000 0 eng d | ||
| 040 | _cIIA Library | ||
| 080 |
_a52-77(063) _bFIS |
||
| 100 |
_aFisher, J. Richard _915613 |
||
| 245 | 0 |
_aInterference identification and excision _ba radio astronomy workshop, Green Bank, West Verginia, 21-22 Sept 1982 _cJ. Richard Fisher |
|
| 260 |
_bNational Radio Astronomy Observatory _c1982 |
||
| 300 | _a116p. | ||
| 650 |
_aAntennas (Electronics) _915614 |
||
| 650 | _aAstronomy and astrophysics thesaurus | ||
| 650 |
_aInterference _915615 |
||
| 650 |
_aRadio astronomy _92849 |
||
| 942 | _cBK | ||
| 999 |
_c9284 _d9284 |
||